Calling the shots (Record no. 105104)

MARC details
000 -LEADER
fixed length control field 01331cam a2200205 4500
001 - CONTROL NUMBER
control field ##L132356
008 - FIXED-LENGTH DATA ELEMENTS--GENERAL INFORMATION
fixed length control field 060131n2006 000 0 eng u
035 ## - SYSTEM CONTROL NUMBER
System control number (Sirsi) u132356
041 0# - LANGUAGE CODE
Language code of text/sound track or separate title eng
050 04 - LIBRARY OF CONGRESS CALL NUMBER
Classification number 711.552 $2 18
110 1# - MAIN ENTRY--CORPORATE NAME
Corporate name or jurisdiction name as entry element Friends of the Earth
9 (RLIN) 2325
245 00 - TITLE STATEMENT
Title Calling the shots
Remainder of title how supermarkets get their way in planning decisions
260 ## - PUBLICATION, DISTRIBUTION, ETC.
Place of publication, distribution, etc. London
Name of publisher, distributor, etc. Friends of the Earth
Date of publication, distribution, etc. 2006
490 #0 - SERIES STATEMENT
Series statement Friends of the Earth Briefing
520 ## - SUMMARY, ETC.
Summary, etc. Reports on how major supermarkets are manipulating the planning system. Outlinesthe strategies used by supermarkets to ensure planning permission for new stores, raising questions about the effectiveness of planning controls. Tesco as market leader is in a particular position of power and given its rapid expansion and this is likely to increase. Evidence was collected from 200 planning disputes across the country. Friends of the Earth is calling for the competition agencies to tackle supermarket high street dominance and for planning legislation to be strengthened.
590 ## - LOCAL NOTE (RLIN)
Local note IKA310106
690 ## - LOCAL SUBJECT ADDED ENTRY--TOPICAL TERM (OCLC, RLIN)
Topical term or geographic name as entry element ENVIRONMENTAL AND LAND CONSULTANCY-PLANNING AND DEVELOPMENT-DEVELOPMENT CONTROL
856 40 - ELECTRONIC LOCATION AND ACCESS
Uniform Resource Identifier <a href="https://www.foe.co.uk/resource/press_releases/supermarket_heavyweights_t_16012006.html">https://www.foe.co.uk/resource/press_releases/supermarket_heavyweights_t_16012006.html</a>
Public note View the FoE report free of charge at www.foe.co.uk...
942 ## - ADDED ENTRY ELEMENTS (KOHA)
Suppress in OPAC 0
Holdings
Withdrawn status Lost status Source of classification or shelving scheme Damaged status Not for loan Home library Current library Shelving location Date acquired Total Checkouts Full call number Barcode Date last seen Copy number Price effective from Koha item type
    Dewey Decimal Classification     Virtual Virtual Online 31/01/2006   ONLINE PUBLICATION 132356-2001 06/08/2019 1 06/08/2019 Book